Preverenie konceptu samoťažného bezpečnostného systému v spojení s chladiacou vežou pre terciálny okruh jadrovej elektrárne

Saved in:
Bibliographic Details
Main Author: Bajnok, Patrik (Author)
Other Authors: Világi, František (Thesis advisor)
Format: Manuscript Book
Language:Slovak
Published: 2023
Subjects:
Online Access:http://is.stuba.sk/zp/portal_zp.pl?podrobnosti=162517
Tags: Add Tag
No Tags, Be the first to tag this record!

MARC

LEADER 00000ntm a22000003a 4500
001 stuzp93927
003 SK-STU
005 20240327092456.2
007 ta
008 150427s2015----xo-----f-mn---000-0-slo-d
040 |a STU  |b slo 
041 0 |a slo 
100 1 |a Bajnok, Patrik  |u 020060  |4 aut  |U SjF Strojnícka fakulta  |T SjF Ústav energetických strojov a zariadení  |X 110674  |U J0060  |Y 805  |7 110674 
242 0 1 |a Verification of the concept for a natural circulation safety system in connection with a cooling tower for tertiary circuit of a nuclear power plant  |y eng 
245 1 0 |a Preverenie konceptu samoťažného bezpečnostného systému v spojení s chladiacou vežou pre terciálny okruh jadrovej elektrárne 
260 |c 2023 
650 4 |a Samoťažný bezpečnostný systém  |2 slo 
650 4 |a Chladiaca veža  |2 slo 
650 4 |a Návrh špirály  |2 slo 
650 4 |a Jadrová elektráreň  |2 slo 
650 4 |a Self-extracting safety system  |2 eng 
650 4 |a Cooling tower  |2 eng 
650 4 |a Spiral design  |2 eng 
650 4 |a Nuclear power plant  |2 eng 
700 1 |a Világi, František  |u 020060  |k Z1  |4 ths  |U SjF Strojnícka fakulta  |T SjF Ústav energetických strojov a zariadení  |X 68944  |U J0060  |Y 805  |7 A000068944 
856 4 |u http://is.stuba.sk/zp/portal_zp.pl?podrobnosti=162517 
996 |b 284J047352  |c J* 3572/DBP  |l JJSK  |s A  |a 24  |w stuzp93927_0001